00309nam a2200121Ia 4500008004100000041000800041082001600049100001900065245003300084260002700117300003200144365001100176240624s9999 xx 000 0 und d aeng a658.872 BEC aBECKER MICHAEL aMOBILE MARKETING FOR DUMMIES c2010aNew DelhibWiley axviii, : 362 : p. : cm ; 23 cRSb31